MARC details
| 000 -CABECERA |
| campo de control de longitud fija |
02091nab a2200289 a 4500 |
| 005 - FECHA Y HORA DE LA ÚLTIMA TRANSACCIÓN |
| campo de control |
20250319171034.0 |
| 008 - ELEMENTOS DE LONGITUD FIJA--INFORMACIÓN GENERAL |
| campo de control de longitud fija |
991125c2017 mx fr p o 000 0 spa d |
| 035 ## - NÚMERO DE CONTROL DEL SISTEMA |
| Número de control de sistema |
UPN01000216401 |
| 040 ## - FUENTE DE LA CATALOGACIÓN |
| Centro catalogador/agencia de origen |
UPN |
| Lengua de catalogación |
spa |
| Centro/agencia transcriptor |
UPN |
| Normas de descripción |
aacr2 |
| 049 ## - COLECCIÓN |
| Colección |
ART-E |
| 100 1# - ASIENTO PRINCIPAL--NOMBRE PERSONAL |
| Nombre de persona |
Castro Granados, Mauricio Alejandro |
| Enlace |
- macgranados@gmail.com |
| 100 1# - ASIENTO PRINCIPAL--NOMBRE PERSONAL |
| Nombre de persona |
Medina Almeida, Carmen |
| 100 1# - ASIENTO PRINCIPAL--NOMBRE PERSONAL |
| Nombre de persona |
Glasserman Morales, Leonardo David |
| 245 00 - MENCIÓN DE TÍTULO |
| Título |
Fortalecimiento de las competencias docentes para atender el cyberbullying en una secundaria pública colombiana |
| 506 0# - NOTA DE RESTRICCIONES AL ACCESO |
| Limitaciones de acceso |
Acceso abierto |
| 520 3# - NOTA DE RESUMEN, ETC. |
| Sumario, etc. |
El objetivo general del estudio fue analizar las competencias docentes que se pueden fortalecer para la atención de los casos de cyberbullying que se presentan entre los estudiantes de una secundaria pública colombiana. La metodología comprendió un estudio mixto y la muestra no probabilística estuvo conformada por 21 docentes y 62 estudiantes. En una primera etapa cualitativa, se entrevistó al profesorado y a la coordinadora de convivencia, en su calidad de directiva. Además, se diseñó e impartió un curso de capacitación docente en Moodle sobre los aspectos fundamentales para el manejo del cyberbullying. Posterior al curso (etapa cuantitativa), se aplicaron encuestas a docentes y estudiantes. Finalmente, se concluyó que el profesorado requiere fortalecer las competencias comunicativas, interpersonales, el uso de TIC y la resolución de conflictos, para generar estrategias que permitan atender y prevenir el cyberbullying. Dichas acciones deben involucrar a padres de familia y directivos del colegio. |
| 650 #2 - ASIENTO SECUNDARIO DE MATERIA - TERMINO TEMATICO |
| Término de materia o nombre geográfico como elemento de entrada |
Moodle (Programa para computadora) |
| 9 (RLIN) |
26810 |
| 650 #7 - ASIENTO SECUNDARIO DE MATERIA - TERMINO TEMATICO |
| Término de materia o nombre geográfico como elemento de entrada |
Educación secundaria |
| 9 (RLIN) |
4281 |
| 650 #2 - ASIENTO SECUNDARIO DE MATERIA - TERMINO TEMATICO |
| Término de materia o nombre geográfico como elemento de entrada |
Intimidación en línea |
| 9 (RLIN) |
21417 |
| 653 0# - TERMINO DE INDIZACION - NO CONTROLADO |
| Término no controlado |
Competencias docentes |
| 773 ## - ENLACE AL DOCUMENTO FUENTE/ENTRADA DE REGISTRO ANFITRIÓN |
| Parte(s) relacionada(s) |
No. 24 (2017), p. 199-223 |
| Título |
CPU-e, revista de investigación educativa |
| Número Internacional Normalizado para Publicaciones Seriadas |
1870-5308 |
| 856 4# - LOCALIZACIÓN Y ACCESO ELECTRÓNICOS |
| Identificador Uniforme del Recurso |
<a href="https://cpue.uv.mx/index.php/cpue/article/view/2409">https://cpue.uv.mx/index.php/cpue/article/view/2409</a> |
| 856 4# - LOCALIZACIÓN Y ACCESO ELECTRÓNICOS |
| Identificador Uniforme del Recurso |
<a href="https://doi.org/10.25009/cpue.v0i24.2409">https://doi.org/10.25009/cpue.v0i24.2409</a> |
| 902 ## - ELEMENTOS DE DATOS B LOCAL, LDB (RLIN) |
| Creó |
Gloria Jiménez/1024 |
| 905 ## - TIPO DE MATERIAL |
| Tipo de material |
Articulo |
| 942 ## - ELEMENTOS DE PUNTO DE ACCESO ADICIONAL (KOHA) |
| Tipo de ítem Koha |
Artículo Electrónico |